000 00641nam a22001937a 4500
999 _c158520
_d158520
005 20181105124840.0
010 _aENG-124432
020 _a9788193441466
_c450.00
035 _aEN-107964
037 _bDBAD/PUB
082 _a332.1
100 _aHaldar, Uday Kumar
245 _aBanking and accounts:
_bassessment handbook /
_cby Uday Kumar Halder... [et...all.]
260 _aKolkata
_bSkill Hub Publication
_c2017
270 _bKolkata
_a105/2, Dum Dum Road, Scal Lanc,
_k9830138837
_mskillhubpublication@gmail.com
300 _a280p.
_c28cm(pbk)
700 _aHaldar, Uday Kumar
942 _2ddc
_cEN
_h332.1
_mHAL